| 000 | 01104cam a2200229 4500 | ||
|---|---|---|---|
| 001 | WB3836-13 | ||
| 008 | 021001n2002 000 0 eng u | ||
| 035 | _a(Sirsi) u119945 | ||
| 245 | _aNew rights for tenants and homeless | ||
| 260 | _c2002 | ||
| 490 |
_aScottish Executive Press Release _v 30 September 2002, (3) |
||
| 520 | _aA number of major provisions of the Housing (Scotland) Act 2001 come into force today. Margaret Curran, minister for social justice said the legislation 'is one of the most significant pieces of housing legislation in Scotland for a generation'. The provisions will make a real difference to the lives of tenants throughout Scotland by better balancing their rights and bringing council and housing association tenants under the same tenancy agreement. | ||
| 590 | _aWB | ||
| 650 | _aHOUSING (SCOTLAND) ACT 2001 | ||
| 650 | _aTENANTS' RIGHTS | ||
| 650 | _aSCOTLAND | ||
| 650 | _aHOUSING ASSOCIATIONS | ||
| 650 | _aLOCAL COUNCILS | ||
| 690 | _aPROPERTY-LANDLORD AND TENANT | ||
| 856 | _ahttp://www.scotland.gov.uk/pages/news/2002/09/SEsj064.aspx | ||
| 942 | _n0 | ||
| 999 |
_c71266 _d71266 |
||